Economics and ethics? (E-Book) (Record no. 193028)
[ view plain ]
| 000 -LEADER | |
|---|---|
| fixed length control field | 00968 a2200193 4500 |
| 003 - CONTROL NUMBER IDENTIFIER | |
| control field | Nust |
| 005 - DATE AND TIME OF LATEST TRANSACTION | |
| control field | 20170207154049.0 |
| 020 ## - INTERNATIONAL STANDARD BOOK NUMBER | |
| International Standard Book Number | 0-415-14484-1 ; |
| 040 ## - CATALOGING SOURCE | |
| Transcribing agency | Nust |
| 082 ## - DEWEY DECIMAL CLASSIFICATION NUMBER | |
| Classification number | 330.155 |
| 100 ## - MAIN ENTRY--PERSONAL NAME | |
| Personal name | Peter Groenewegen |
| 245 00 - TITLE STATEMENT | |
| Title | Economics and ethics? (E-Book) |
| Statement of responsibility, etc. | Peter Groenewegen |
| 260 ## - PUBLICATION, DISTRIBUTION, ETC. | |
| Place of publication, distribution, etc. | London : |
| Name of publisher, distributor, etc. | Routledge, |
| Date of publication, distribution, etc. | 1996 |
| 300 ## - PHYSICAL DESCRIPTION | |
| Extent | 188 s. |
| 505 ## - FORMATTED CONTENTS NOTE | |
| Formatted contents note | Introduction (Page-1) Ethics And Economics: An Economist’s View (Page-15) Ethics And Economics: A Philosopher’s View (Page-34) From Divine Corporation To A System Of Justice: Adventures In Individual Motivation And Social Outcome, With Hutcheson, Hume And Smith (Page-46) The Economists Approach To Ethics: A Late Twentieth Century View (Page-103) O Tempora, o mores! Economics as the ethos Of our times (Page-157) Morality And The Culture Of The Market (Page-173) |
| 650 #4 - SUBJECT ADDED ENTRY--TOPICAL TERM | |
| Topical term or geographic name entry element | Economics |
| General subdivision | ethics |
| -- | conference proceedings |
| 650 #4 - SUBJECT ADDED ENTRY--TOPICAL TERM | |
| Topical term or geographic name entry element | Ekonomi |
| General subdivision | Etik |
| 700 1# - ADDED ENTRY--PERSONAL NAME | |
| Personal name | Groenewegen, Peter D., |
| Dates associated with a name | 1939- |
| Relator code | edt |
| 942 ## - ADDED ENTRY ELEMENTS (KOHA) | |
| Source of classification or shelving scheme | |
| Koha item type | Book |
| Withdrawn status | Lost status | Source of classification or shelving scheme | Damaged status | Not for loan | Collection code | Permanent Location | Current Location | Date acquired | Total Checkouts | Full call number | Barcode | Date last seen | Price effective from | Koha item type |
|---|---|---|---|---|---|---|---|---|---|---|---|---|---|---|
| Military College of Signals (MCS) | Military College of Signals (MCS) | 12/12/2016 | 330.155 GRO | MCSEB-2606 | 12/08/2016 | 12/12/2016 | Book |
